| 000 | 01404cam a2200337 a 4500 | ||
|---|---|---|---|
| 003 | CHAP | ||
| 005 | 20220329142043.0 | ||
| 008 | 990430s1998 mx o00110 spa d | ||
| 010 | _a77698 | ||
| 011 | _a78670 | ||
| 035 | _a88687 | ||
| 040 | _cCHAP | ||
| 082 | 0 | 4 |
_a607 _bP76o Gto. |
| 110 | 2 |
_aPrograma Elemental de Asistencia Técnica. México _992318 |
|
| 245 | 0 |
_aEvaluación del programa en el estado de : _bGuanajuato O-I 97/98 _c/coord. por UACH. Centro de Investigaciones Económicas, Sociales y Tecnológicas de la Agroindustria y de la Agricultura Mundial |
|
| 260 |
_aMéxico, D.F. : _bInstituto Nacional de Capacitación del Sector Agropecuario. A.C., _c[1998?] |
||
| 300 | _a43 p. | ||
| 590 |
_aBATCH-UPD _b10 _c20130110 _lUCH01 _h0147 |
||
| 590 |
_aBATCH-UPD _b10 _c20130110 _lUCH01 _h1757 |
||
| 590 |
_aBATCH-UPD _b10 _c20130410 _lUCH01 _h1134 |
||
| 590 |
_aBATCH-UPD _b10 _c20130913 _lUCH01 _h2132 |
||
| 590 |
_aCONVERSION _b10 _c20130109 _lUCH01 _h1343 |
||
| 650 | 1 | 4 |
_aAgricultura _zGuanajuato. _91927 |
| 650 | 1 | 4 |
_aAyuda técnica. _99035 |
| 650 | 1 | 4 |
_aProgramas de capacitación _xEvaluación. _992377 |
| 710 | 0 |
_aUACH. Centro de Investigaciones Económicas, Sociales y Tecnológicas de la Agroindustria y de la Agricultura Mundial. _9115830 |
|
| 901 | _aBK | ||
| 905 | _aLilia Sánchez G. | ||
| 942 | _cLIBRO | ||
| 949 |
_a607 P76o Gto. _bBC _cUACH _d886871 _eUACH _h95142 _i88687 _kDonaciØn _sb |
||
| 999 |
_c77698 _d77698 |
||